आत्मसन्मान. (Record no. 264645)

MARC details
000 -LEADER
fixed length control field 00555nam a2200181Ia 4500
008 - FIXED-LENGTH DATA ELEMENTS--GENERAL INFORMATION
fixed length control field 090630s9999 xx 000 0 und d
082 ## - DEWEY DECIMAL CLASSIFICATION NUMBER
Item number 12789
100 ## - MAIN ENTRY--PERSONAL NAME
Personal name राजे नयना.
245 ## - TITLE STATEMENT
Title आत्मसन्मान.
Statement of responsibility, etc राजे नयना.
260 ## - PUBLICATION, DISTRIBUTION, ETC. (IMPRINT)
Name of publisher, distributor, etc नवचैतन्य.
300 ## - PHYSICAL DESCRIPTION
Extent 133
600 ## - SUBJECT ADDED ENTRY--PERSONAL NAME
Personal name राजे नयना.
630 ## - SUBJECT ADDED ENTRY--UNIFORM TITLE
Uniform title आत्मसन्मान.
655 ## - INDEX TERM--GENRE/FORM
Genre/form data or focus term कादंबरी.
700 ## - ADDED ENTRY--PERSONAL NAME
Personal name राजे नयना.
730 ## - ADDED ENTRY--UNIFORM TITLE
Uniform title आत्मसन्मान.
942 ## - ADDED ENTRY ELEMENTS (KOHA)
Koha item type Book
Holdings
Withdrawn status Lost status Damaged status Not for loan Home library Current library Date acquired Cost, normal purchase price Total Checkouts Full call number Barcode Date last seen Cost, replacement price Price effective from Koha item type
        Sarvajanik Wachanalaya Shrivardhan Sarvajanik Wachanalaya Shrivardhan 11/09/1993 50.00   12789 SAWASHRI-12789 06/30/2009 50.00 06/30/2009 Book